000 01337nam a2200253Ia 4500
999 _c50789
_d50789
001 17741
003 GE_BSU
005 20260317173550.0
008 181216s2015||||ge |||||||||||||| ||geo||
020 _a9789941453359
040 _cGE_BSU
041 _ageo
080 _a631.6(072) ლ-85
100 _aლორთქიფანიძე, როზა
_92506
245 _aაგრომელიორაციის პრაქტიკული კურსი :
_b[სახელმძღვანელო] /
_cროზა ლორთქიფანიძე, ნინო კელენჯერიძე ; რედაქტორი ტრისტან ჯობავა.
264 _aქუთაისი :
_bაკაკი წერეთლის სახ. უნ-ტი,
_c2015.
300 _a108 გვ. :
_bცხრ. ;
_c20 სმ.
504 _aბიბლაფია გვ.105
653 _aაგრომელიორაციის პრაქტიკული კურსი
653 _aაგრო-ფიზიკური და წყლიერი თვისებები
700 _aკელენჯერიძე, ნინო
_eავტორი
_911838
700 _aჯობავა, ტრისტან
_eრედაქტორი
_911837
942 _cBK
_2udc